| 000 | 02152nam a2200517 i 4500 | ||
|---|---|---|---|
| 001 | DIGBONART0167 | ||
| 003 | NyNyDIG | ||
| 007 | cr ||||||||||| | ||
| 008 | 200608s2018 mx a ob 001 0 spa d | ||
| 006 | m o d | ||
| 035 | _a(OCoLC)1258693285 | ||
| 040 |
_aDGITA _beng _erda _epn _cDGITA |
||
| 020 |
_a9786078560509 _qeBook |
||
| 020 | _z9786078560288 | ||
| 043 |
_an-mx--- _an-us--- |
||
| 050 | 1 | 4 | _aPS3537.T3234 ebook |
| 082 | 1 | 4 | _a813.52 |
| 100 | 1 |
_aPineda Franco, Adela Eugenia, _d1964- _eauthor. |
|
| 245 | 1 | 0 |
_aSteinbeck y México : _buna mirada cinematográfica en la era de la hegemonía estadounidense / _cAdela Pineda Franco. |
| 246 | 1 |
_iTitle on colophon : _aJohn Steinbeck y México. |
|
| 264 | 1 |
_aCiudad de México : _bBonilla Artigas Editores, _c[2018] |
|
| 300 |
_a1 online resource : _billustrations. |
||
| 336 |
_atext _btxt _2rdacontent |
||
| 336 |
_astill image _bsti _2rdacontent |
||
| 337 |
_acomputer _bc _2rdamedia |
||
| 338 |
_aonline resource _bcr _2rdacarrier |
||
| 347 |
_atext file _2rdaft |
||
| 347 | _bPDF | ||
| 490 | 1 |
_aPúblicacultura ; _v6 |
|
| 504 | _aIncludes bibliographical references and index. | ||
| 588 | 0 | _aOnline resource; title from PDF title page (Digitalia, viewed June 15, 2021) | |
| 600 | 1 | 0 |
_aSteinbeck, John, _d1902-1968 _xCriticism and interpretation. |
| 600 | 1 | 0 |
_aSteinbeck, John, _d1902-1968 _xKnowledge _zMexico. |
| 600 | 1 | 0 |
_aSteinbeck, John, _d1902-1968 _xFilm adaptations. |
| 650 | 0 |
_aAmerican literature _xMexican influences. |
|
| 651 | 0 |
_aMexico _xRelations _zUnited States. |
|
| 651 | 0 |
_aUnited States _xRelations _zMexico. |
|
| 655 | 0 | _aElectronic books. | |
| 791 | 2 |
_aDigitalia (Firm), _edistributor. |
|
| 793 | 0 |
_gDigitalia eBook Collection: _aBonilla Artigas Editores |
|
| 776 | 0 | 8 |
_iPrint version: _aPineda Franco, Adela Eugenia, 1964- _tSteinbeck y México. _bPrimera edición. _dCiudad de México: Bonilla Artigas Editores, 2018 _z9786078560288 _w(DLC) 2018402842 _w(OCoLC)1042247083 |
| 830 | 0 |
_aPública cultura ; _v6. |
|
| 856 | 4 | 0 |
_3Digitalia Hispánica _uhttps://www.digitaliapublishing.com/a/81468/ |
| 910 | _aPremium collection: 2021 | ||
| 942 | _cRAA | ||
| 999 |
_c265393 _d265393 |
||